Presidents of Azerbaijan by Picture - Statistics

General Stats
  • This quiz has been taken 15 times
  • The average score is 13 of 24
Answer Stats
Picture Hint Answer % Correct
1969-1982 | 1993-2003 Heydar Aliyev
100%
2003-Present Ilham Aliyev
100%
1992-1993 Abulfaz Elchibey
92%
1918 Mahammad Amin Rasulzade
92%
1992 Isa Gambar
83%
1990-1992 | 1992 Ayaz Mutallibov
67%
1982-1988 Kamran Baghirov
67%
1933-1953 Mir Jafar Baghirov
67%
1918-1920 Alimardan bey Topchubashov
58%
1992 Yagub Mammadov
58%
1988-1990 Abdurrahman Vazirov
50%
1926-1929 Levon Mirzoyan
50%
1921-1925 Sergei Kirov
50%
1954-1959 Imam Mustafayev
42%
1925-1926 Ruhulla Akhundov
42%
1959-1969 Vali Akhundov
42%
1920 Elena Stasova
33%
1920-1921 Grigory Kaminsky
33%
1920 Mirza Davud Huseynov
33%
1929-1930 Nikolay Gikalo
33%
1933 Ruben Rubenov
33%
1920 Victor Naneyshvili
33%
1930-1933 Vladimir Polonsky
33%
1953-1954 Mir Teymur Yagubov
25%
No matching quizzes found
Score Distribution
Percent of People with Each Score
Percentile by Number Answered
Your Score History
You have not taken this quiz